Normal view
MARC view
- Davis, Roland P
Entry Personal Name
001 - CONTROL NUMBER
- control field: 42587
003 - CONTROL NUMBER IDENTIFIER
- control field: NUST
005 - DATE AND TIME OF LATEST TRANSACTION
- control field: 20210314132346.0
008 - FIXED-LENGTH DATA ELEMENTS
- fixed length control field: 210314|| aca||aabn | a|a d
040 ## - CATALOGING SOURCE
- Original cataloging agency: NUST
- Transcribing agency: NUST
100 ## - HEADING--PERSONAL NAME
- Personal name: Davis, Roland P
670 ## - SOURCE DATA FOUND
- Source citation: Work cat.: (NUST): Jacoby, Henry Sylvester, 42586, Foundations of bridges and buildings,, 1941.
